Codez en chiffres romains !! - Statistiques

Statistiques générales
  • Ce quiz a été pris 1 479 fois
  • Le résultat moyen est 12 sur 20
Statistiques - réponses
Arabe Romain % Correct
100 C
100%
360 CCCLX
100%
307 CCCVII
100%
312 CCCXII
100%
321 CCCXXI
100%
333 CCCXXXIII
100%
336 CCCXXXVI
100%
204 CCIV
100%
263 CCLXIII
100%
273 CCLXXIII
100%
245 CCXLV
100%
231 CCXXXI
100%
233 CCXXXIII
100%
427 CDXXVII
100%
169 CLXIX
100%
170 CLXX
100%
900 CM
100%
903 CMIII
100%
950 CML
100%
967 CMLXVII
100%
982 CMLXXXII
100%
983 CMLXXXIII
100%
905 CMV
100%
907 CMVII
100%
990 CMXC
100%
992 CMXCII
100%
919 CMXIX
100%
940 CMXL
100%
944 CMXLIV
100%
949 CMXLIX
100%
917 CMXVII
100%
929 CMXXIX
100%
927 CMXXVII
100%
933 CMXXXIII
100%
939 CMXXXIX
100%
936 CMXXXVI
100%
600 DC
100%
801 DCCCI
100%
804 DCCCIV
100%
869 DCCCLXIX
100%
871 DCCCLXXI
100%
879 DCCCLXXIX
100%
881 DCCCLXXXI
100%
887 DCCCLXXXVII
100%
808 DCCCVIII
100%
895 DCCCXCV
100%
811 DCCCXI
100%
845 DCCCXLV
100%
846 DCCCXLVI
100%
847 DCCCXLVII
100%
815 DCCCXV
100%
817 DCCCXVII
100%
820 DCCCXX
100%
826 DCCCXXVI
100%
830 DCCCXXX
100%
831 DCCCXXXI
100%
834 DCCCXXXIV
100%
704 DCCIV
100%
772 DCCLXXII
100%
779 DCCLXXIX
100%
781 DCCLXXXI
100%
786 DCCLXXXVI
100%
788 DCCLXXXVIII
100%
705 DCCV
100%
730 DCCXXX
100%
601 DCI
100%
604 DCIV
100%
609 DCIX
100%
652 DCLII
100%
655 DCLV
100%
658 DCLVIII
100%
661 DCLXI
100%
662 DCLXII
100%
665 DCLXV
100%
667 DCLXVII
100%
670 DCLXX
100%
671 DCLXXI
100%
673 DCLXXIII
100%
677 DCLXXVII
100%
689 DCLXXXIX
100%
610 DCX
100%
691 DCXCI
100%
692 DCXCII
100%
693 DCXCIII
100%
694 DCXCIV
100%
646 DCXLVI
100%
616 DCXVI
100%
621 DCXXI
100%
629 DCXXIX
100%
634 DCXXXIV
100%
636 DCXXXVI
100%
638 DCXXXVIII
100%
502 DII
100%
503 DIII
100%
554 DLIV
100%
559 DLIX
100%
560 DLX
100%
569 DLXIX
100%
567 DLXVII
100%
570 DLXX
100%
589 DLXXXIX
100%
507 DVII
100%
511 DXI
100%
513 DXIII
100%
519 DXIX
100%
545 DXLV
100%
517 DXVII
100%
530 DXXX
100%
532 DXXXII
100%
538 DXXXVIII
100%
1100 MC
100%
1200 MCC
100%
1361 MCCCLXI
100%
1368 MCCCLXVIII
100%
1370 MCCCLXX
100%
1373 MCCCLXXIII
100%
1376 MCCCLXXVI
100%
1383 MCCCLXXXIII
100%
1385 MCCCLXXXV
100%
1387 MCCCLXXXVII
100%
1306 MCCCVI
100%
1307 MCCCVII
100%
1394 MCCCXCIV
100%
1397 MCCCXCVII
100%
1398 MCCCXCVIII
100%
1311 MCCCXI
100%
1343 MCCCXLIII
100%
1346 MCCCXLVI
100%
1348 MCCCXLVIII
100%
1316 MCCCXVI
100%
1320 MCCCXX
100%
1322 MCCCXXII
100%
1326 MCCCXXVI
100%
1328 MCCCXXVIII
100%
1330 MCCCXXX
100%
1331 MCCCXXXI
100%
1334 MCCCXXXIV
100%
1202 MCCII
100%
1203 MCCIII
100%
1204 MCCIV
100%
1209 MCCIX
100%
1253 MCCLIII
100%
1254 MCCLIV
100%
1255 MCCLV
100%
1260 MCCLX
100%
1262 MCCLXII
100%
1269 MCCLXIX
100%
1267 MCCLXVII
100%
1281 MCCLXXXI
100%
1285 MCCLXXXV
100%
1212 MCCXII
100%
1219 MCCXIX
100%
1240 MCCXL
100%
1246 MCCXLVI
100%
1216 MCCXVI
100%
1217 MCCXVII
100%
1218 MCCXVIII
100%
1222 MCCXXII
100%
1236 MCCXXXVI
100%
1238 MCCXXXVIII
100%
1402 MCDII
100%
1451 MCDLI
100%
1454 MCDLIV
100%
1458 MCDLVIII
100%
1464 MCDLXIV
100%
1472 MCDLXXII
100%
1478 MCDLXXVIII
100%
1497 MCDXCVII
100%
1412 MCDXII
100%
1442 MCDXLII
100%
1449 MCDXLIX
100%
1418 MCDXVIII
100%
1426 MCDXXVI
100%
1431 MCDXXXI
100%
1109 MCIX
100%
1159 MCLIX
100%
1160 MCLX
100%
1166 MCLXVI
100%
1168 MCLXVIII
100%
1171 MCLXXI
100%
1179 MCLXXIX
100%
1182 MCLXXXII
100%
1183 MCLXXXIII
100%
1184 MCLXXXIV
100%
1185 MCLXXXV
100%
1186 MCLXXXVI
100%
1903 MCMIII
100%
1960 MCMLX
100%
1967 MCMLXVII
100%
1971 MCMLXXI
100%
1973 MCMLXXIII
100%
1987 MCMLXXXVII
100%
1907 MCMVII
100%
1910 MCMX
100%
1911 MCMXI
100%
1912 MCMXII
100%
1914 MCMXIV
100%
1917 MCMXVII
100%
1921 MCMXXI
100%
1922 MCMXXII
100%
1924 MCMXXIV
100%
1928 MCMXXVIII
100%
1191 MCXCI
100%
1195 MCXCV
100%
1111 MCXI
100%
1119 MCXIX
100%
1143 MCXLIII
100%
1144 MCXLIV
100%
1149 MCXLIX
100%
1146 MCXLVI
100%
1147 MCXLVII
100%
1117 MCXVII
100%
1120 MCXX
100%
1122 MCXXII
100%
1126 MCXXVI
100%
1127 MCXXVII
100%
1133 MCXXXIII
100%
1135 MCXXXV
100%
1803 MDCCCIII
100%
1850 MDCCCL
100%
1860 MDCCCLX
100%
1861 MDCCCLXI
100%
1866 MDCCCLXVI
100%
1868 MDCCCLXVIII
100%
1872 MDCCCLXXII
100%
1806 MDCCCVI
100%
1894 MDCCCXCIV
100%
1819 MDCCCXIX
100%
1840 MDCCCXL
100%
1847 MDCCCXLVII
100%
1820 MDCCCXX
100%
1824 MDCCCXXIV
100%
1827 MDCCCXXVII
100%
1832 MDCCCXXXII
100%
1833 MDCCCXXXIII
100%
1835 MDCCCXXXV
100%
1836 MDCCCXXXVI
100%
1702 MDCCII
100%
1750 MDCCL
100%
1759 MDCCLIX
100%
1756 MDCCLVI
100%
1758 MDCCLVIII
100%
1764 MDCCLXIV
100%
1769 MDCCLXIX
100%
1766 MDCCLXVI
100%
1772 MDCCLXXII
100%
1774 MDCCLXXIV
100%
1781 MDCCLXXXI
100%
1782 MDCCLXXXII
100%
1743 MDCCXLIII
100%
1724 MDCCXXIV
100%
1733 MDCCXXXIII
100%
1737 MDCCXXXVII
100%
1738 MDCCXXXVIII
100%
1650 MDCL
100%
1651 MDCLI
100%
1653 MDCLIII
100%
1659 MDCLIX
100%
1657 MDCLVII
100%
1667 MDCLXVII
100%
1672 MDCLXXII
100%
1679 MDCLXXIX
100%
1677 MDCLXXVII
100%
1689 MDCLXXXIX
100%
1606 MDCVI
100%
1608 MDCVIII
100%
1690 MDCXC
100%
1693 MDCXCIII
100%
1613 MDCXIII
100%
1641 MDCXLI
100%
1643 MDCXLIII
100%
1644 MDCXLIV
100%
1616 MDCXVI
100%
1621 MDCXXI
100%
1622 MDCXXII
100%
1633 MDCXXXIII
100%
1635 MDCXXXV
100%
1636 MDCXXXVI
100%
1637 MDCXXXVII
100%
1552 MDLII
100%
1569 MDLXIX
100%
1567 MDLXVII
100%
1573 MDLXXIII
100%
1582 MDLXXXII
100%
1586 MDLXXXVI
100%
1507 MDVII
100%
1593 MDXCIII
100%
1511 MDXI
100%
1514 MDXIV
100%
1519 MDXIX
100%
1523 MDXXIII
100%
1525 MDXXV
100%
1530 MDXXX
100%
1535 MDXXXV
100%
1002 MII
100%
1051 MLI
100%
1053 MLIII
100%
1060 MLX
100%
1069 MLXIX
100%
1065 MLXV
100%
1067 MLXVII
100%
1072 MLXXII
100%
1073 MLXXIII
100%
1076 MLXXVI
100%
1077 MLXXVII
100%
1082 MLXXXII
100%
1089 MLXXXIX
100%
2000 MM
100%
1005 MV
100%
1007 MVII
100%
1008 MVIII
100%
1010 MX
100%
1094 MXCIV
100%
1046 MXLVI
100%
1015 MXV
100%
1016 MXVI
100%
1020 MXX
100%
1022 MXXII
100%
1023 MXXIII
100%
1024 MXXIV
100%
1026 MXXVI
100%
1034 MXXXIV
100%
1039 MXXXIX
100%
1036 MXXXVI
100%
1037 MXXXVII
100%
10 X
95%
217 CCXVII
90%
309 CCCIX
88%
354 CCCLIV
88%
358 CCCLVIII
88%
276 CCLXXVI
88%
281 CCLXXXI
88%
11 XI
88%
362 CCCLXII
86%
205 CCV
86%
218 CCXVIII
86%
221 CCXXI
86%
1 I
86%
365 CCCLXV
83%
322 CCCXXII
83%
216 CCXVI
83%
230 CCXXX
83%
485 CDLXXXV
83%
162 CLXII
83%
622 DCXXII
83%
4 IV
83%
50 L
83%
7 VII
83%
8 VIII
83%
20 XX
83%
2 II
82%
73 LXXIII
82%
5 V
82%
13 XIII
82%
26 XXVI
82%
17 XVII
81%
38 XXXVIII
81%
396 CCCXCVI
80%
345 CCCXLV
80%
326 CCCXXVI
80%
201 CCI
80%
269 CCLXIX
80%
207 CCVII
80%
246 CCXLVI
80%
412 CDXII
80%
191 CXCI
80%
136 CXXXVI
80%
708 DCCVIII
80%
3 III
80%
1663 MDCLXIII
80%
1029 MXXIX
80%
107 CVII
79%
115 CXV
79%
12 XII
79%
18 XVIII
79%
102 CII
78%
177 CLXXVII
78%
110 CX
78%
111 CXI
78%
33 XXXIII
78%
40 XL
77%
30 XXX
77%
25 XXV
76%
28 XXVIII
76%
300 CCC
75%
352 CCCLII
75%
364 CCCLXIV
75%
315 CCCXV
75%
328 CCCXXVIII
75%
331 CCCXXXI
75%
270 CCLXX
75%
298 CCXCVIII
75%
211 CCXI
75%
425 CDXXV
75%
164 CLXIV
75%
182 CLXXXII
75%
193 CXCIII
75%
125 CXXV
75%
839 DCCCXXXIX
75%
710 DCCX
75%
574 DLXXIV
75%
516 DXVI
75%
9 IX
75%
54 LIV
75%
62 LXII
75%
1355 MCCCLV
75%
1356 MCCCLVI
75%
1315 MCCCXV
75%
1201 MCCI
75%
1419 MCDXIX
75%
1150 MCL
75%
1941 MCMXLI
75%
16 XVI
75%
21 XXI
75%
32 XXXII
75%
127 CXXVII
74%
6 VI
74%
19 XIX
74%
15 XV
74%
151 CLI
73%
14 XIV
73%
39 XXXIX
73%
117 CXVII
72%
53 LIII
72%
57 LVII
72%
22 XXII
72%
31 XXXI
72%
341 CCCXLI
71%
202 CCII
71%
262 CCLXII
71%
286 CCLXXXVI
71%
244 CCXLIV
71%
238 CCXXXVIII
71%
402 CDII
71%
406 CDVI
71%
55 LV
71%
23 XXIII
71%
24 XXIV
71%
37 XXXVII
71%
302 CCCII
70%
318 CCCXVIII
70%
337 CCCXXXVII
70%
470 CDLXX
70%
27 XXVII
70%
36 XXXVI
70%
101 CI
69%
52 LII
69%
34 XXXIV
69%
35 XXXV
69%
114 CXIV
68%
121 CXXI
68%
126 CXXVI
68%
301 CCCI
67%
306 CCCVI
67%
393 CCCXCIII
67%
313 CCCXIII
67%
319 CCCXIX
67%
348 CCCXLVIII
67%
316 CCCXVI
67%
317 CCCXVII
67%
325 CCCXXV
67%
266 CCLXVI
67%
208 CCVIII
67%
210 CCX
67%
224 CCXXIV
67%
227 CCXXVII
67%
400 CD
67%
453 CDLIII
67%
477 CDLXXVII
67%
445 CDXLV
67%
109 CIX
67%
176 CLXXVI
67%
180 CLXXX
67%
181 CLXXXI
67%
908 CMVIII
67%
118 CXVIII
67%
130 CXXX
67%
134 CXXXIV
67%
851 DCCCLI
67%
897 DCCCXCVII
67%
843 DCCCXLIII
67%
754 DCCLIV
67%
685 DCLXXXV
67%
618 DCXVIII
67%
625 DCXXV
67%
576 DLXXVI
67%
505 DV
67%
537 DXXXVII
67%
70 LXX
67%
71 LXXI
67%
78 LXXVIII
67%
80 LXXX
67%
1303 MCCCIII
67%
1350 MCCCL
67%
1389 MCCCLXXXIX
67%
1305 MCCCV
67%
1270 MCCLXX
67%
1273 MCCLXXIII
67%
1274 MCCLXXIV
67%
1239 MCCXXXIX
67%
1471 MCDLXXI
67%
1407 MCDVII
67%
1432 MCDXXXII
67%
1156 MCLVI
67%
1158 MCLVIII
67%
1165 MCLXV
67%
1180 MCLXXX
67%
1902 MCMII
67%
1906 MCMVI
67%
1927 MCMXXVII
67%
1106 MCVI
67%
1118 MCXVIII
67%
1129 MCXXIX
67%
1700 MDCC
67%
1874 MDCCCLXXIV
67%
1881 MDCCCLXXXI
67%
1890 MDCCCXC
67%
1814 MDCCCXIV
67%
1816 MDCCCXVI
67%
1701 MDCCI
67%
1786 MDCCLXXXVI
67%
1747 MDCCXLVII
67%
1603 MDCIII
67%
1614 MDCXIV
67%
1624 MDCXXIV
67%
1632 MDCXXXII
67%
1597 MDXCVII
67%
1544 MDXLIV
67%
1052 MLII
67%
1028 MXXVIII
67%
106 CVI
65%
128 CXXVIII
65%
137 CXXXVII
65%
51 LI
65%
75 LXXV
65%
76 LXXVI
65%
77 LXXVII
65%
90 XC
65%
329 CCCXXIX
64%
277 CCLXXVII
64%
498 CDXCVIII
64%
267 CCLXVII
63%
284 CCLXXXIV
63%
292 CCXCII
63%
452 CDLII
63%
421 CDXXI
63%
152 CLII
63%
187 CLXXXVII
63%
58 LVIII
63%
60 LX
63%
81 LXXXI
63%
87 LXXXVII
63%
29 XXIX
63%
131 CXXXI
62%
82 LXXXII
62%
46 XLVI
62%
303 CCCIII
60%
350 CCCL
60%
378 CCCLXXVIII
60%
385 CCCLXXXV
60%
387 CCCLXXXVII
60%
314 CCCXIV
60%
324 CCCXXIV
60%
254 CCLIV
60%
259 CCLIX
60%
279 CCLXXIX
60%
240 CCXL
60%
241 CCXLI
60%
215 CCXV
60%
220 CCXX
60%
409 CDIX
60%
480 CDLXXX
60%
483 CDLXXXIII
60%
494 CDXCIV
60%
413 CDXIII
60%
159 CLIX
60%
160 CLX
60%
161 CLXI
60%
179 CLXXIX
60%
178 CLXXVIII
60%
184 CLXXXIV
60%
192 CXCII
60%
196 CXCVI
60%
112 CXII
60%
140 CXL
60%
546 DXLVI
60%
56 LVI
60%
1379 MCCCLXXIX
60%
1592 MDXCII
60%
1538 MDXXXVIII
60%
42 XLII
60%
135 CXXXV
59%
103 CIII
58%
105 CV
58%
113 CXIII
58%
116 CXVI
58%
122 CXXII
58%
124 CXXIV
58%
59 LIX
58%
45 XLV
58%
376 CCCLXXVI
57%
383 CCCLXXXIII
57%
392 CCCXCII
57%
209 CCIX
57%
253 CCLIII
57%
261 CCLXI
57%
275 CCLXXV
57%
293 CCXCIII
57%
228 CCXXVIII
57%
239 CCXXXIX
57%
236 CCXXXVI
57%
465 CDLXV
57%
487 CDLXXXVII
57%
444 CDXLIV
57%
150 CL
57%
153 CLIII
57%
185 CLXXXV
57%
120 CXX
57%
139 CXXXIX
57%
305 CCCV
56%
335 CCCXXXV
56%
417 CDXVII
56%
432 CDXXXII
56%
138 CXXXVIII
56%
67 LXVII
56%
72 LXXII
56%
123 CXXIII
55%
41 XLI
55%
44 XLIV
55%
323 CCCXXIII
54%
119 CXIX
54%
132 CXXXII
53%
65 LXV
53%
89 LXXXIX
53%
104 CIV
52%
108 CVIII
52%
129 CXXIX
52%
64 LXIV
52%
68 LXVIII
52%
79 LXXIX
52%
84 LXXXIV
52%
48 XLVIII
52%
351 CCCLI
50%
359 CCCLIX
50%
355 CCCLV
50%
372 CCCLXXII
50%
374 CCCLXXIV
50%
375 CCCLXXV
50%
377 CCCLXXVII
50%
381 CCCLXXXI
50%
399 CCCXCIX
50%
397 CCCXCVII
50%
311 CCCXI
50%
344 CCCXLIV
50%
320 CCCXX
50%
327 CCCXXVII
50%
330 CCCXXX
50%
332 CCCXXXII
50%
252 CCLII
50%
257 CCLVII
50%
260 CCLX
50%
272 CCLXXII
50%
282 CCLXXXII
50%
289 CCLXXXIX
50%
288 CCLXXXVIII
50%
294 CCXCIV
50%
296 CCXCVI
50%
223 CCXXIII
50%
232 CCXXXII
50%
234 CCXXXIV
50%
235 CCXXXV
50%
404 CDIV
50%
455 CDLV
50%
458 CDLVIII
50%
478 CDLXXVIII
50%
481 CDLXXXI
50%
493 CDXCIII
50%
411 CDXI
50%
418 CDXVIII
50%
422 CDXXII
50%
430 CDXXX
50%
431 CDXXXI
50%
434 CDXXXIV
50%
439 CDXXXIX
50%
435 CDXXXV
50%
438 CDXXXVIII
50%
154 CLIV
50%
165 CLXV
50%
168 CLXVIII
50%
172 CLXXII
50%
183 CLXXXIII
50%
904 CMIV
50%
969 CMLXIX
50%
965 CMLXV
50%
980 CMLXXX
50%
981 CMLXXXI
50%
988 CMLXXXVIII
50%
906 CMVI
50%
997 CMXCVII
50%
911 CMXI
50%
913 CMXIII
50%
914 CMXIV
50%
941 CMXLI
50%
943 CMXLIII
50%
916 CMXVI
50%
926 CMXXVI
50%
930 CMXXX
50%
934 CMXXXIV
50%
190 CXC
50%
195 CXCV
50%
143 CXLIII
50%
144 CXLIV
50%
145 CXLV
50%
133 CXXXIII
50%
852 DCCCLII
50%
859 DCCCLIX
50%
855 DCCCLV
50%
866 DCCCLXVI
50%
880 DCCCLXXX
50%
891 DCCCXCI
50%
893 DCCCXCIII
50%
894 DCCCXCIV
50%
814 DCCCXIV
50%
840 DCCCXL
50%
821 DCCCXXI
50%
827 DCCCXXVII
50%
752 DCCLII
50%
775 DCCLXXV
50%
789 DCCLXXXIX
50%
785 DCCLXXXV
50%
794 DCCXCIV
50%
799 DCCXCIX
50%
798 DCCXCVIII
50%
711 DCCXI
50%
714 DCCXIV
50%
719 DCCXIX
50%
741 DCCXLI
50%
718 DCCXVIII
50%
720 DCCXX
50%
721 DCCXXI
50%
679 DCLXXIX
50%
678 DCLXXVIII
50%
680 DCLXXX
50%
608 DCVIII
50%
690 DCXC
50%
614 DCXIV
50%
645 DCXLV
50%
647 DCXLVII
50%
648 DCXLVIII
50%
624 DCXXIV
50%
630 DCXXX
50%
631 DCXXXI
50%
501 DI
50%
550 DL
50%
551 DLI
50%
578 DLXXVIII
50%
581 DLXXXI
50%
583 DLXXXIII
50%
584 DLXXXIV
50%
591 DXCI
50%
592 DXCII
50%
541 DXLI
50%
544 DXLIV
50%
531 DXXXI
50%
536 DXXXVI
50%
61 LXI
50%
83 LXXXIII
50%
1300 MCCC
50%
1304 MCCCIV
50%
1362 MCCCLXII
50%
1369 MCCCLXIX
50%
1365 MCCCLXV
50%
1372 MCCCLXXII
50%
1377 MCCCLXXVII
50%
1386 MCCCLXXXVI
50%
1310 MCCCX
50%
1399 MCCCXCIX
50%
1335 MCCCXXXV
50%
1338 MCCCXXXVIII
50%
1261 MCCLXI
50%
1275 MCCLXXV
50%
1283 MCCLXXXIII
50%
1284 MCCLXXXIV
50%
1294 MCCXCIV
50%
1244 MCCXLIV
50%
1224 MCCXXIV
50%
1227 MCCXXVII
50%
1230 MCCXXX
50%
1452 MCDLII
50%
1456 MCDLVI
50%
1466 MCDLXVI
50%
1467 MCDLXVII
50%
1470 MCDLXX
50%
1484 MCDLXXXIV
50%
1496 MCDXCVI
50%
1411 MCDXI
50%
1440 MCDXL
50%
1416 MCDXVI
50%
1439 MCDXXXIX
50%
1436 MCDXXXVI
50%
1102 MCII
50%
1155 MCLV
50%
1170 MCLXX
50%
1900 MCM
50%
1961 MCMLXI
50%
1979 MCMLXXIX
50%
1975 MCMLXXV
50%
1982 MCMLXXXII
50%
1983 MCMLXXXIII
50%
1986 MCMLXXXVI
50%
1908 MCMVIII
50%
1994 MCMXCIV
50%
1913 MCMXIII
50%
1942 MCMXLII
50%
1949 MCMXLIX
50%
1948 MCMXLVIII
50%
1918 MCMXVIII
50%
1930 MCMXXX
50%
1107 MCVII
50%
1198 MCXCVIII
50%
1114 MCXIV
50%
1140 MCXL
50%
1116 MCXVI
50%
1125 MCXXV
50%
1136 MCXXXVI
50%
1801 MDCCCI
50%
1856 MDCCCLVI
50%
1858 MDCCCLVIII
50%
1863 MDCCCLXIII
50%
1864 MDCCCLXIV
50%
1878 MDCCCLXXVIII
50%
1880 MDCCCLXXX
50%
1884 MDCCCLXXXIV
50%
1888 MDCCCLXXXVIII
50%
1807 MDCCCVII
50%
1896 MDCCCXCVI
50%
1813 MDCCCXIII
50%
1841 MDCCCXLI
50%
1818 MDCCCXVIII
50%
1839 MDCCCXXXIX
50%
1837 MDCCCXXXVII
50%
1704 MDCCIV
50%
1753 MDCCLIII
50%
1770 MDCCLXX
50%
1793 MDCCXCIII
50%
1798 MDCCXCVIII
50%
1711 MDCCXI
50%
1713 MDCCXIII
50%
1714 MDCCXIV
50%
1742 MDCCXLII
50%
1746 MDCCXLVI
50%
1715 MDCCXV
50%
1716 MDCCXVI
50%
1728 MDCCXXVIII
50%
1654 MDCLIV
50%
1660 MDCLX
50%
1661 MDCLXI
50%
1669 MDCLXIX
50%
1668 MDCLXVIII
50%
1605 MDCV
50%
1695 MDCXCV
50%
1696 MDCXCVI
50%
1698 MDCXCVIII
50%
1612 MDCXII
50%
1619 MDCXIX
50%
1629 MDCXXIX
50%
1630 MDCXXX
50%
1550 MDL
50%
1554 MDLIV
50%
1556 MDLVI
50%
1558 MDLVIII
50%
1560 MDLX
50%
1561 MDLXI
50%
1578 MDLXXVIII
50%
1581 MDLXXXI
50%
1595 MDXCV
50%
1547 MDXLVII
50%
1531 MDXXXI
50%
1537 MDXXXVII
50%
1003 MIII
50%
1050 ML
50%
1059 MLIX
50%
1058 MLVIII
50%
1070 MLXX
50%
1085 MLXXXV
50%
1093 MXCIII
50%
1098 MXCVIII
50%
1041 MXLI
50%
1044 MXLIV
50%
1017 MXVII
50%
1027 MXXVII
50%
1038 MXXXVIII
50%
99 XCIX
50%
146 CXLVI
48%
63 LXIII
48%
66 LXVI
48%
88 LXXXVIII
48%
97 XCVII
48%
43 XLIII
48%
47 XLVII
48%
69 LXIX
46%
91 XCI
46%
242 CCXLII
45%
463 CDLXIII
45%
379 CCCLXXIX
44%
255 CCLV
44%
287 CCLXXXVII
44%
443 CDXLIII
44%
93 XCIII
44%
353 CCCLIII
43%
363 CCCLXIII
43%
382 CCCLXXXII
43%
264 CCLXIV
43%
274 CCLXXIV
43%
283 CCLXXXIII
43%
212 CCXII
43%
229 CCXXIX
43%
156 CLVI
43%
148 CXLVIII
43%
500 D
43%
94 XCIV
43%
380 CCCLXXX
42%
342 CCCXLII
42%
349 CCCXLIX
42%
85 LXXXV
42%
92 XCII
42%
141 CXLI
41%
308 CCCVIII
40%
265 CCLXV
40%
271 CCLXXI
40%
285 CCLXXXV
40%
206 CCVI
40%
290 CCXC
40%
219 CCXIX
40%
243 CCXLIII
40%
222 CCXXII
40%
457 CDLVII
40%
484 CDLXXXIV
40%
410 CDX
40%
440 CDXL
40%
426 CDXXVI
40%
171 CLXXI
40%
198 CXCVIII
40%
74 LXXIV
40%
1194 MCXCIV
40%
1891 MDCCCXCI
40%
1649 MDCXLIX
40%
96 XCVI
40%
49 XLIX
40%
98 XCVIII
39%
304 CCCIV
38%
386 CCCLXXXVI
38%
339 CCCXXXIX
38%
278 CCLXXVIII
38%
214 CCXIV
38%
476 CDLXXVI
38%
486 CDLXXXVI
38%
407 CDVII
38%
499 CDXCIX
38%
414 CDXIV
38%
448 CDXLVIII
38%
415 CDXV
38%
147 CXLVII
38%
389 CCCLXXXIX
36%
394 CCCXCIV
36%
492 CDXCII
36%
200 CC
33%
366 CCCLXVI
33%
388 CCCLXXXVIII
33%
310 CCCX
33%
340 CCCXL
33%
334 CCCXXXIV
33%
338 CCCXXXVIII
33%
203 CCIII
33%
251 CCLI
33%
256 CCLVI
33%
268 CCLXVIII
33%
249 CCXLIX
33%
248 CCXLVIII
33%
225 CCXXV
33%
461 CDLXI
33%
471 CDLXXI
33%
479 CDLXXIX
33%
475 CDLXXV
33%
489 CDLXXXIX
33%
405 CDV
33%
496 CDXCVI
33%
497 CDXCVII
33%
419 CDXIX
33%
433 CDXXXIII
33%
157 CLVII
33%
167 CLXVII
33%
175 CLXXV
33%
186 CLXXXVI
33%
956 CMLVI
33%
958 CMLVIII
33%
961 CMLXI
33%
945 CMXLV
33%
947 CMXLVII
33%
935 CMXXXV
33%
142 CXLII
33%
873 DCCCLXXIII
33%
876 DCCCLXXVI
33%
807 DCCCVII
33%
899 DCCCXCIX
33%
828 DCCCXXVIII
33%
759 DCCLIX
33%
768 DCCLXVIII
33%
784 DCCLXXXIV
33%
792 DCCXCII
33%
747 DCCXLVII
33%
715 DCCXV
33%
674 DCLXXIV
33%
698 DCXCVIII
33%
613 DCXIII
33%
641 DCXLI
33%
643 DCXLIII
33%
587 DLXXXVII
33%
521 DXXI
33%
533 DXXXIII
33%
86 LXXXVI
33%
1375 MCCCLXXV
33%
1382 MCCCLXXXII
33%
1312 MCCCXII
33%
1327 MCCCXXVII
33%
1258 MCCLVIII
33%
1292 MCCXCII
33%
1243 MCCXLIII
33%
1221 MCCXXI
33%
1420 MCDXX
33%
1424 MCDXXIV
33%
1425 MCDXXV
33%
1434 MCDXXXIV
33%
1172 MCLXXII
33%
1174 MCLXXIV
33%
1995 MCMXCV
33%
1945 MCMXLV
33%
1931 MCMXXXI
33%
1105 MCV
33%
1141 MCXLI
33%
1842 MDCCCXLII
33%
1760 MDCCLX
33%
1788 MDCCLXXXVIII
33%
1791 MDCCXCI
33%
1799 MDCCXCIX
33%
1719 MDCCXIX
33%
1730 MDCCXXX
33%
1674 MDCLXXIV
33%
1640 MDCXL
33%
1555 MDLV
33%
1577 MDLXXVII
33%
1505 MDV
33%
1512 MDXII
33%
1541 MDXLI
33%
1542 MDXLII
33%
1543 MDXLIII
33%
1549 MDXLIX
33%
1524 MDXXIV
33%
1526 MDXXVI
33%
1533 MDXXXIII
33%
1074 MLXXIV
33%
1084 MLXXXIV
33%
1090 MXC
33%
1091 MXCI
33%
1012 MXII
33%
1040 MXL
33%
1047 MXLVII
33%
1025 MXXV
33%
1035 MXXXV
33%
95 XCV
31%
297 CCXCVII
30%
491 CDXCI
30%
424 CDXXIV
30%
199 CXCIX
30%
369 CCCLXIX
29%
295 CCXCV
29%
450 CDL
29%
456 CDLVI
29%
428 CDXXVIII
29%
149 CXLIX
29%
442 CDXLII
27%
258 CCLVIII
25%
213 CCXIII
25%
237 CCXXXVII
25%
401 CDI
25%
462 CDLXII
25%
466 CDLXVI
25%
408 CDVIII
25%
447 CDXLVII
25%
423 CDXXIII
25%
436 CDXXXVI
25%
437 CDXXXVII
25%
155 CLV
25%
959 CMLIX
25%
946 CMXLVI
25%
194 CXCIV
25%
809 DCCCIX
25%
762 DCCLXII
25%
797 DCCXCVII
25%
606 DCVI
25%
514 DXIV
25%
1256 MCCLVI
25%
1266 MCCLXVI
25%
1296 MCCXCVI
25%
1247 MCCXLVII
25%
1461 MCDLXI
25%
1495 MCDXCV
25%
1415 MCDXV
25%
1153 MCLIII
25%
1154 MCLIV
25%
1901 MCMI
25%
1964 MCMLXIV
25%
1145 MCXLV
25%
1809 MDCCCIX
25%
1792 MDCCXCII
25%
1684 MDCLXXXIV
25%
1068 MLXVIII
25%
247 CCXLVII
22%
472 CDLXXII
22%
495 CDXCV
22%
416 CDXVI
22%
357 CCCLVII
20%
361 CCCLXI
20%
391 CCCXCI
20%
395 CCCXCV
20%
343 CCCXLIII
20%
346 CCCXLVI
20%
250 CCL
20%
488 CDLXXXVIII
20%
158 CLVIII
20%
166 CLXVI
20%
713 DCCXIII
20%
1522 MDXXII
20%
188 CLXXXVIII
19%
446 CDXLVI
18%
368 CCCLXVIII
17%
390 CCCXC
17%
459 CDLIX
17%
441 CDXLI
17%
429 CDXXIX
17%
1289 MCCLXXXIX
17%
356 CCCLVI
14%
371 CCCLXXI
14%
373 CCCLXXIII
14%
384 CCCLXXXIV
14%
398 CCCXCVIII
14%
347 CCCXLVII
14%
454 CDLIV
14%
460 CDLX
14%
467 CDLXVII
14%
474 CDLXXIV
14%
174 CLXXIV
14%
370 CCCLXX
13%
280 CCLXXX
13%
299 CCXCIX
11%
226 CCXXVI
11%
490 CDXC
11%
367 CCCLXVII
0%
291 CCXCI
0%
403 CDIII
0%
451 CDLI
0%
464 CDLXIV
0%
469 CDLXIX
0%
468 CDLXVIII
0%
473 CDLXXIII
0%
482 CDLXXXII
0%
449 CDXLIX
0%
420 CDXX
0%
163 CLXIII
0%
173 CLXXIII
0%
189 CLXXXIX
0%
901 CMI
0%
902 CMII
0%
909 CMIX
0%
951 CMLI
0%
952 CMLII
0%
953 CMLIII
0%
954 CMLIV
0%
955 CMLV
0%
957 CMLVII
0%
960 CMLX
0%
962 CMLXII
0%
963 CMLXIII
0%
964 CMLXIV
0%
966 CMLXVI
0%
968 CMLXVIII
0%
970 CMLXX
0%
971 CMLXXI
0%
972 CMLXXII
0%
973 CMLXXIII
0%
974 CMLXXIV
0%
979 CMLXXIX
0%
975 CMLXXV
0%
976 CMLXXVI
0%
977 CMLXXVII
0%
978 CMLXXVIII
0%
984 CMLXXXIV
0%
989 CMLXXXIX
0%
985 CMLXXXV
0%
986 CMLXXXVI
0%
987 CMLXXXVII
0%
910 CMX
0%
991 CMXCI
0%
993 CMXCIII
0%
994 CMXCIV
0%
999 CMXCIX
0%
995 CMXCV
0%
996 CMXCVI
0%
998 CMXCVIII
0%
912 CMXII
0%
942 CMXLII
0%
948 CMXLVIII
0%
915 CMXV
0%
918 CMXVIII
0%
920 CMXX
0%
921 CMXXI
0%
922 CMXXII
0%
923 CMXXIII
0%
924 CMXXIV
0%
925 CMXXV
0%
928 CMXXVIII
0%
931 CMXXXI
0%
932 CMXXXII
0%
937 CMXXXVII
0%
938 CMXXXVIII
0%
197 CXCVII
0%
700 DCC
0%
800 DCCC
0%
802 DCCCII
0%
803 DCCCIII
0%
850 DCCCL
0%
853 DCCCLIII
0%
854 DCCCLIV
0%
856 DCCCLVI
0%
857 DCCCLVII
0%
858 DCCCLVIII
0%
860 DCCCLX
0%
861 DCCCLXI
0%
862 DCCCLXII
0%
863 DCCCLXIII
0%
864 DCCCLXIV
0%
865 DCCCLXV
0%
867 DCCCLXVII
0%
868 DCCCLXVIII
0%
870 DCCCLXX
0%
872 DCCCLXXII
0%
874 DCCCLXXIV
0%
875 DCCCLXXV
0%
877 DCCCLXXVII
0%
878 DCCCLXXVIII
0%
882 DCCCLXXXII
0%
883 DCCCLXXXIII
0%
884 DCCCLXXXIV
0%
889 DCCCLXXXIX
0%
885 DCCCLXXXV
0%
886 DCCCLXXXVI
0%
888 DCCCLXXXVIII
0%
805 DCCCV
0%
806 DCCCVI
0%
810 DCCCX
0%
890 DCCCXC
0%
892 DCCCXCII
0%
896 DCCCXCVI
0%
898 DCCCXCVIII
0%
812 DCCCXII
0%
813 DCCCXIII
0%
819 DCCCXIX
0%
841 DCCCXLI
0%
842 DCCCXLII
0%
844 DCCCXLIV
0%
849 DCCCXLIX
0%
848 DCCCXLVIII
0%
816 DCCCXVI
0%
818 DCCCXVIII
0%
822 DCCCXXII
0%
823 DCCCXXIII
0%
824 DCCCXXIV
0%
829 DCCCXXIX
0%
825 DCCCXXV
0%
832 DCCCXXXII
0%
833 DCCCXXXIII
0%
835 DCCCXXXV
0%
836 DCCCXXXVI
0%
837 DCCCXXXVII
0%
838 DCCCXXXVIII
0%
701 DCCI
0%
702 DCCII
0%
703 DCCIII
0%
709 DCCIX
0%
750 DCCL
0%
751 DCCLI
0%
753 DCCLIII
0%
755 DCCLV
0%
756 DCCLVI
0%
757 DCCLVII
0%
758 DCCLVIII
0%
760 DCCLX
0%
761 DCCLXI
0%
763 DCCLXIII
0%
764 DCCLXIV
0%
769 DCCLXIX
0%
765 DCCLXV
0%
766 DCCLXVI
0%
767 DCCLXVII
0%
770 DCCLXX
0%
771 DCCLXXI
0%
773 DCCLXXIII
0%
774 DCCLXXIV
0%
776 DCCLXXVI
0%
777 DCCLXXVII
0%
778 DCCLXXVIII
0%
780 DCCLXXX
0%
782 DCCLXXXII
0%
783 DCCLXXXIII
0%
787 DCCLXXXVII
0%
706 DCCVI
0%
707 DCCVII
0%
790 DCCXC
0%
791 DCCXCI
0%
793 DCCXCIII
0%
795 DCCXCV
0%
796 DCCXCVI
0%
712 DCCXII
0%
740 DCCXL
0%
742 DCCXLII
0%
743 DCCXLIII
0%
744 DCCXLIV
0%
749 DCCXLIX
0%
745 DCCXLV
0%
746 DCCXLVI
0%
748 DCCXLVIII
0%
716 DCCXVI
0%
717 DCCXVII
0%
722 DCCXXII
0%
723 DCCXXIII
0%
724 DCCXXIV
0%
729 DCCXXIX
0%
725 DCCXXV
0%
726 DCCXXVI
0%
727 DCCXXVII
0%
728 DCCXXVIII
0%
731 DCCXXXI
0%
732 DCCXXXII
0%
733 DCCXXXIII
0%
734 DCCXXXIV
0%
739 DCCXXXIX
0%
735 DCCXXXV
0%
736 DCCXXXVI
0%
737 DCCXXXVII
0%
738 DCCXXXVIII
0%
602 DCII
0%
603 DCIII
0%
650 DCL
0%
651 DCLI
0%
653 DCLIII
0%
654 DCLIV
0%
659 DCLIX
0%
656 DCLVI
0%
657 DCLVII
0%
660 DCLX
0%
663 DCLXIII
0%
664 DCLXIV
0%
669 DCLXIX
0%
666 DCLXVI
0%
668 DCLXVIII
0%
672 DCLXXII
0%
675 DCLXXV
0%
676 DCLXXVI
0%
681 DCLXXXI
0%
682 DCLXXXII
0%
683 DCLXXXIII
0%
684 DCLXXXIV
0%
686 DCLXXXVI
0%
687 DCLXXXVII
0%
688 DCLXXXVIII
0%
605 DCV
0%
607 DCVII
0%
699 DCXCIX
0%
695 DCXCV
0%
696 DCXCVI
0%
697 DCXCVII
0%
611 DCXI
0%
612 DCXII
0%
619 DCXIX
0%
640 DCXL
0%
642 DCXLII
0%
644 DCXLIV
0%
649 DCXLIX
0%
615 DCXV
0%
617 DCXVII
0%
620 DCXX
0%
623 DCXXIII
0%
626 DCXXVI
0%
627 DCXXVII
0%
628 DCXXVIII
0%
632 DCXXXII
0%
633 DCXXXIII
0%
639 DCXXXIX
0%
635 DCXXXV
0%
637 DCXXXVII
0%
504 DIV
0%
509 DIX
0%
552 DLII
0%
553 DLIII
0%
555 DLV
0%
556 DLVI
0%
557 DLVII
0%
558 DLVIII
0%
561 DLXI
0%
562 DLXII
0%
563 DLXIII
0%
564 DLXIV
0%
565 DLXV
0%
566 DLXVI
0%
568 DLXVIII
0%
571 DLXXI
0%
572 DLXXII
0%
573 DLXXIII
0%
579 DLXXIX
0%
575 DLXXV
0%
577 DLXXVII
0%
580 DLXXX
0%
582 DLXXXII
0%
585 DLXXXV
0%
586 DLXXXVI
0%
588 DLXXXVIII
0%
506 DVI
0%
508 DVIII
0%
510 DX
0%
590 DXC
0%
593 DXCIII
0%
594 DXCIV
0%
599 DXCIX
0%
595 DXCV
0%
596 DXCVI
0%
597 DXCVII
0%
598 DXCVIII
0%
512 DXII
0%
540 DXL
0%
542 DXLII
0%
543 DXLIII
0%
549 DXLIX
0%
547 DXLVII
0%
548 DXLVIII
0%
515 DXV
0%
518 DXVIII
0%
520 DXX
0%
522 DXXII
0%
523 DXXIII
0%
524 DXXIV
0%
529 DXXIX
0%
525 DXXV
0%
526 DXXVI
0%
527 DXXVII
0%
528 DXXVIII
0%
534 DXXXIV
0%
539 DXXXIX
0%
535 DXXXV
0%
1000 M
0%
1301 MCCCI
0%
1302 MCCCII
0%
1309 MCCCIX
0%
1351 MCCCLI
0%
1352 MCCCLII
0%
1353 MCCCLIII
0%
1354 MCCCLIV
0%
1359 MCCCLIX
0%
1357 MCCCLVII
0%
1358 MCCCLVIII
0%
1360 MCCCLX
0%
1363 MCCCLXIII
0%
1364 MCCCLXIV
0%
1366 MCCCLXVI
0%
1367 MCCCLXVII
0%
1371 MCCCLXXI
0%
1374 MCCCLXXIV
0%
1378 MCCCLXXVIII
0%
1380 MCCCLXXX
0%
1381 MCCCLXXXI
0%
1384 MCCCLXXXIV
0%
1388 MCCCLXXXVIII
0%
1308 MCCCVIII
0%
1390 MCCCXC
0%
1391 MCCCXCI
0%
1392 MCCCXCII
0%
1393 MCCCXCIII
0%
1395 MCCCXCV
0%
1396 MCCCXCVI
0%
1313 MCCCXIII
0%
1314 MCCCXIV
0%
1319 MCCCXIX
0%
1340 MCCCXL
0%
1341 MCCCXLI
0%
1342 MCCCXLII
0%
1344 MCCCXLIV
0%
1349 MCCCXLIX
0%
1345 MCCCXLV
0%
1347 MCCCXLVII
0%
1317 MCCCXVII
0%
1318 MCCCXVIII
0%
1321 MCCCXXI
0%
1323 MCCCXXIII
0%
1324 MCCCXXIV
0%
1329 MCCCXXIX
0%
1325 MCCCXXV
0%
1332 MCCCXXXII
0%
1333 MCCCXXXIII
0%
1339 MCCCXXXIX
0%
1336 MCCCXXXVI
0%
1337 MCCCXXXVII
0%
1250 MCCL
0%
1251 MCCLI
0%
1252 MCCLII
0%
1259 MCCLIX
0%
1257 MCCLVII
0%
1263 MCCLXIII
0%
1264 MCCLXIV
0%
1265 MCCLXV
0%
1268 MCCLXVIII
0%
1271 MCCLXXI
0%
1272 MCCLXXII
0%
1279 MCCLXXIX
0%
1276 MCCLXXVI
0%
1277 MCCLXXVII
0%
1278 MCCLXXVIII
0%
1280 MCCLXXX
0%
1282 MCCLXXXII
0%
1286 MCCLXXXVI
0%
1287 MCCLXXXVII
0%
1288 MCCLXXXVIII
0%
1205 MCCV
0%
1206 MCCVI
0%
1207 MCCVII
0%
1208 MCCVIII
0%
1210 MCCX
0%
1290 MCCXC
0%
1291 MCCXCI
0%
1293 MCCXCIII
0%
1299 MCCXCIX
0%
1295 MCCXCV
0%
1297 MCCXCVII
0%
1298 MCCXCVIII
0%
1211 MCCXI
0%
1213 MCCXIII
0%
1214 MCCXIV
0%
1241 MCCXLI
0%
1242 MCCXLII
0%
1249 MCCXLIX
0%
1245 MCCXLV
0%
1248 MCCXLVIII
0%
1215 MCCXV
0%
1220 MCCXX
0%
1223 MCCXXIII
0%
1229 MCCXXIX
0%
1225 MCCXXV
0%
1226 MCCXXVI
0%
1228 MCCXXVIII
0%
1231 MCCXXXI
0%
1232 MCCXXXII
0%
1233 MCCXXXIII
0%
1234 MCCXXXIV
0%
1235 MCCXXXV
0%
1237 MCCXXXVII
0%
1400 MCD
0%
1401 MCDI
0%
1403 MCDIII
0%
1404 MCDIV
0%
1409 MCDIX
0%
1450 MCDL
0%
1453 MCDLIII
0%
1459 MCDLIX
0%
1455 MCDLV
0%
1457 MCDLVII
0%
1460 MCDLX
0%
1462 MCDLXII
0%
1463 MCDLXIII
0%
1469 MCDLXIX
0%
1465 MCDLXV
0%
1468 MCDLXVIII
0%
1473 MCDLXXIII
0%
1474 MCDLXXIV
0%
1479 MCDLXXIX
0%
1475 MCDLXXV
0%
1476 MCDLXXVI
0%
1477 MCDLXXVII
0%
1480 MCDLXXX
0%
1481 MCDLXXXI
0%
1482 MCDLXXXII
0%
1483 MCDLXXXIII
0%
1489 MCDLXXXIX
0%
1485 MCDLXXXV
0%
1486 MCDLXXXVI
0%
1487 MCDLXXXVII
0%
1488 MCDLXXXVIII
0%
1405 MCDV
0%
1406 MCDVI
0%
1408 MCDVIII
0%
1410 MCDX
0%
1490 MCDXC
0%
1491 MCDXCI
0%
1492 MCDXCII
0%
1493 MCDXCIII
0%
1494 MCDXCIV
0%
1499 MCDXCIX
0%
1498 MCDXCVIII
0%
1413 MCDXIII
0%
1414 MCDXIV
0%
1441 MCDXLI
0%
1443 MCDXLIII
0%
1444 MCDXLIV
0%
1445 MCDXLV
0%
1446 MCDXLVI
0%
1447 MCDXLVII
0%
1448 MCDXLVIII
0%
1417 MCDXVII
0%
1421 MCDXXI
0%
1422 MCDXXII
0%
1423 MCDXXIII
0%
1429 MCDXXIX
0%
1427 MCDXXVII
0%
1428 MCDXXVIII
0%
1430 MCDXXX
0%
1433 MCDXXXIII
0%
1435 MCDXXXV
0%
1437 MCDXXXVII
0%
1438 MCDXXXVIII
0%
1101 MCI
0%
1103 MCIII
0%
1104 MCIV
0%
1151 MCLI
0%
1152 MCLII
0%
1157 MCLVII
0%
1161 MCLXI
0%
1162 MCLXII
0%
1163 MCLXIII
0%
1164 MCLXIV
0%
1169 MCLXIX
0%
1167 MCLXVII
0%
1173 MCLXXIII
0%
1175 MCLXXV
0%
1176 MCLXXVI
0%
1177 MCLXXVII
0%
1178 MCLXXVIII
0%
1181 MCLXXXI
0%
1189 MCLXXXIX
0%
1187 MCLXXXVII
0%
1188 MCLXXXVIII
0%
1904 MCMIV
0%
1909 MCMIX
0%
1950 MCML
0%
1951 MCMLI
0%
1952 MCMLII
0%
1953 MCMLIII
0%
1954 MCMLIV
0%
1959 MCMLIX
0%
1955 MCMLV
0%
1956 MCMLVI
0%
1957 MCMLVII
0%
1958 MCMLVIII
0%
1962 MCMLXII
0%
1963 MCMLXIII
0%
1969 MCMLXIX
0%
1965 MCMLXV
0%
1966 MCMLXVI
0%
1968 MCMLXVIII
0%
1970 MCMLXX
0%
1972 MCMLXXII
0%
1974 MCMLXXIV
0%
1976 MCMLXXVI
0%
1977 MCMLXXVII
0%
1978 MCMLXXVIII
0%
1980 MCMLXXX
0%
1981 MCMLXXXI
0%
1984 MCMLXXXIV
0%
1989 MCMLXXXIX
0%
1985 MCMLXXXV
0%
1988 MCMLXXXVIII
0%
1905 MCMV
0%
1990 MCMXC
0%
1991 MCMXCI
0%
1992 MCMXCII
0%
1993 MCMXCIII
0%
1999 MCMXCIX
0%
1996 MCMXCVI
0%
1997 MCMXCVII
0%
1998 MCMXCVIII
0%
1919 MCMXIX
0%
1940 MCMXL
0%
1943 MCMXLIII
0%
1944 MCMXLIV
0%
1946 MCMXLVI
0%
1947 MCMXLVII
0%
1915 MCMXV
0%
1916 MCMXVI
0%
1920 MCMXX
0%
1923 MCMXXIII
0%
1929 MCMXXIX
0%
1925 MCMXXV
0%
1926 MCMXXVI
0%
1932 MCMXXXII
0%
1933 MCMXXXIII
0%
1934 MCMXXXIV
0%
1939 MCMXXXIX
0%
1935 MCMXXXV
0%
1936 MCMXXXVI
0%
1937 MCMXXXVII
0%
1938 MCMXXXVIII
0%
1108 MCVIII
0%
1110 MCX
0%
1190 MCXC
0%
1192 MCXCII
0%
1193 MCXCIII
0%
1199 MCXCIX
0%
1196 MCXCVI
0%
1197 MCXCVII
0%
1112 MCXII
0%
1113 MCXIII
0%
1142 MCXLII
0%
1148 MCXLVIII
0%
1115 MCXV
0%
1121 MCXXI
0%
1123 MCXXIII
0%
1124 MCXXIV
0%
1128 MCXXVIII
0%
1130 MCXXX
0%
1131 MCXXXI
0%
1132 MCXXXII
0%
1134 MCXXXIV
0%
1139 MCXXXIX
0%
1137 MCXXXVII
0%
1138 MCXXXVIII
0%
1500 MD
0%
1600 MDC
0%
1800 MDCCC
0%
1802 MDCCCII
0%
1804 MDCCCIV
0%
1851 MDCCCLI
0%
1852 MDCCCLII
0%
1853 MDCCCLIII
0%
1854 MDCCCLIV
0%
1859 MDCCCLIX
0%
1855 MDCCCLV
0%
1857 MDCCCLVII
0%
1862 MDCCCLXII
0%
1869 MDCCCLXIX
0%
1865 MDCCCLXV
0%
1867 MDCCCLXVII
0%
1870 MDCCCLXX
0%
1871 MDCCCLXXI
0%
1873 MDCCCLXXIII
0%
1879 MDCCCLXXIX
0%
1875 MDCCCLXXV
0%
1876 MDCCCLXXVI
0%
1877 MDCCCLXXVII
0%
1882 MDCCCLXXXII
0%
1883 MDCCCLXXXIII
0%
1889 MDCCCLXXXIX
0%
1885 MDCCCLXXXV
0%
1886 MDCCCLXXXVI
0%
1887 MDCCCLXXXVII
0%
1805 MDCCCV
0%
1808 MDCCCVIII
0%
1810 MDCCCX
0%
1892 MDCCCXCII
0%
1893 MDCCCXCIII
0%
1899 MDCCCXCIX
0%
1895 MDCCCXCV
0%
1897 MDCCCXCVII
0%
1898 MDCCCXCVIII
0%
1811 MDCCCXI
0%
1812 MDCCCXII
0%
1843 MDCCCXLIII
0%
1844 MDCCCXLIV
0%
1849 MDCCCXLIX
0%
1845 MDCCCXLV
0%
1846 MDCCCXLVI
0%
1848 MDCCCXLVIII
0%
1815 MDCCCXV
0%
1817 MDCCCXVII
0%
1821 MDCCCXXI
0%
1822 MDCCCXXII
0%
1823 MDCCCXXIII
0%
1829 MDCCCXXIX
0%
1825 MDCCCXXV
0%
1826 MDCCCXXVI
0%
1828 MDCCCXXVIII
0%
1830 MDCCCXXX
0%
1831 MDCCCXXXI
0%
1834 MDCCCXXXIV
0%
1838 MDCCCXXXVIII
0%
1703 MDCCIII
0%
1709 MDCCIX
0%
1751 MDCCLI
0%
1752 MDCCLII
0%
1754 MDCCLIV
0%
1755 MDCCLV
0%
1757 MDCCLVII
0%
1761 MDCCLXI
0%
1762 MDCCLXII
0%
1763 MDCCLXIII
0%
1765 MDCCLXV
0%
1767 MDCCLXVII
0%
1768 MDCCLXVIII
0%
1771 MDCCLXXI
0%
1773 MDCCLXXIII
0%
1779 MDCCLXXIX
0%
1775 MDCCLXXV
0%
1776 MDCCLXXVI
0%
1777 MDCCLXXVII
0%
1778 MDCCLXXVIII
0%
1780 MDCCLXXX
0%
1783 MDCCLXXXIII
0%
1784 MDCCLXXXIV
0%
1789 MDCCLXXXIX
0%
1785 MDCCLXXXV
0%
1787 MDCCLXXXVII
0%
1705 MDCCV
0%
1706 MDCCVI
0%
1707 MDCCVII
0%
1708 MDCCVIII
0%
1710 MDCCX
0%
1790 MDCCXC
0%
1794 MDCCXCIV
0%
1795 MDCCXCV
0%
1796 MDCCXCVI
0%
1797 MDCCXCVII
0%
1712 MDCCXII
0%
1740 MDCCXL
0%
1741 MDCCXLI
0%
1744 MDCCXLIV
0%
1749 MDCCXLIX
0%
1745 MDCCXLV
0%
1748 MDCCXLVIII
0%
1717 MDCCXVII
0%
1718 MDCCXVIII
0%
1720 MDCCXX
0%
1721 MDCCXXI
0%
1722 MDCCXXII
0%
1723 MDCCXXIII
0%
1729 MDCCXXIX
0%
1725 MDCCXXV
0%
1726 MDCCXXVI
0%
1727 MDCCXXVII
0%
1731 MDCCXXXI
0%
1732 MDCCXXXII
0%
1734 MDCCXXXIV
0%
1739 MDCCXXXIX
0%
1735 MDCCXXXV
0%
1736 MDCCXXXVI
0%
1601 MDCI
0%
1602 MDCII
0%
1604 MDCIV
0%
1609 MDCIX
0%
1652 MDCLII
0%
1655 MDCLV
0%
1656 MDCLVI
0%
1658 MDCLVIII
0%
1662 MDCLXII
0%
1664 MDCLXIV
0%
1665 MDCLXV
0%
1666 MDCLXVI
0%
1670 MDCLXX
0%
1671 MDCLXXI
0%
1673 MDCLXXIII
0%
1675 MDCLXXV
0%
1676 MDCLXXVI
0%
1678 MDCLXXVIII
0%
1680 MDCLXXX
0%
1681 MDCLXXXI
0%
1682 MDCLXXXII
0%
1683 MDCLXXXIII
0%
1685 MDCLXXXV
0%
1686 MDCLXXXVI
0%
1687 MDCLXXXVII
0%
1688 MDCLXXXVIII
0%
1607 MDCVII
0%
1610 MDCX
0%
1691 MDCXCI
0%
1692 MDCXCII
0%
1694 MDCXCIV
0%
1699 MDCXCIX
0%
1697 MDCXCVII
0%
1611 MDCXI
0%
1642 MDCXLII
0%
1645 MDCXLV
0%
1646 MDCXLVI
0%
1647 MDCXLVII
0%
1648 MDCXLVIII
0%
1615 MDCXV
0%
1617 MDCXVII
0%
1618 MDCXVIII
0%
1620 MDCXX
0%
1623 MDCXXIII
0%
1625 MDCXXV
0%
1626 MDCXXVI
0%
1627 MDCXXVII
0%
1628 MDCXXVIII
0%
1631 MDCXXXI
0%
1634 MDCXXXIV
0%
1639 MDCXXXIX
0%
1638 MDCXXXVIII
0%
1501 MDI
0%
1502 MDII
0%
1503 MDIII
0%
1504 MDIV
0%
1509 MDIX
0%
1551 MDLI
0%
1553 MDLIII
0%
1559 MDLIX
0%
1557 MDLVII
0%
1562 MDLXII
0%
1563 MDLXIII
0%
1564 MDLXIV
0%
1565 MDLXV
0%
1566 MDLXVI
0%
1568 MDLXVIII
0%
1570 MDLXX
0%
1571 MDLXXI
0%
1572 MDLXXII
0%
1574 MDLXXIV
0%
1579 MDLXXIX
0%
1575 MDLXXV
0%
1576 MDLXXVI
0%
1580 MDLXXX
0%
1583 MDLXXXIII
0%
1584 MDLXXXIV
0%
1589 MDLXXXIX
0%
1585 MDLXXXV
0%
1587 MDLXXXVII
0%
1588 MDLXXXVIII
0%
1506 MDVI
0%
1508 MDVIII
0%
1510 MDX
0%
1590 MDXC
0%
1591 MDXCI
0%
1594 MDXCIV
0%
1599 MDXCIX
0%
1596 MDXCVI
0%
1598 MDXCVIII
0%
1513 MDXIII
0%
1540 MDXL
0%
1545 MDXLV
0%
1546 MDXLVI
0%
1548 MDXLVIII
0%
1515 MDXV
0%
1516 MDXVI
0%
1517 MDXVII
0%
1518 MDXVIII
0%
1520 MDXX
0%
1521 MDXXI
0%
1529 MDXXIX
0%
1527 MDXXVII
0%
1528 MDXXVIII
0%
1532 MDXXXII
0%
1534 MDXXXIV
0%
1539 MDXXXIX
0%
1536 MDXXXVI
0%
1001 MI
0%
1004 MIV
0%
1009 MIX
0%
1054 MLIV
0%
1055 MLV
0%
1056 MLVI
0%
1057 MLVII
0%
1061 MLXI
0%
1062 MLXII
0%
1063 MLXIII
0%
1064 MLXIV
0%
1066 MLXVI
0%
1071 MLXXI
0%
1079 MLXXIX
0%
1075 MLXXV
0%
1078 MLXXVIII
0%
1080 MLXXX
0%
1081 MLXXXI
0%
1083 MLXXXIII
0%
1086 MLXXXVI
0%
1087 MLXXXVII
0%
1088 MLXXXVIII
0%
1006 MVI
0%
1092 MXCII
0%
1099 MXCIX
0%
1095 MXCV
0%
1096 MXCVI
0%
1097 MXCVII
0%
1011 MXI
0%
1013 MXIII
0%
1014 MXIV
0%
1019 MXIX
0%
1042 MXLII
0%
1043 MXLIII
0%
1049 MXLIX
0%
1045 MXLV
0%
1048 MXLVIII
0%
1018 MXVIII
0%
1021 MXXI
0%
1030 MXXX
0%
1031 MXXXI
0%
1032 MXXXII
0%
1033 MXXXIII
0%
Aucun quiz correspondant
Distribution des résultats
% des personnes avec chaque résultat
Percentile par nombre de réponses
Votre historique - résultats
Vous n’avez pas pris ce quiz